00441nam a2200133Ia 4500008004100000082001700041100002700058245005700085260003000142300001000172942000700182999001900189952009900208230907s9999||||xx |||||||||||||| ||und|| a660.28bDUT, aDutta, Binay K.957833 0aPrinciples of mass transfer and separation processes aPHI LearningbDelhic2015 a947p. cBK c598189d598189 00104070aCAS-EbCAS-Ed2018-06-25l0o660.28 DUT,pCAS-E0002288r2023-09-12w2023-09-12yBK